| 000 | 00635nam a2200193 i 4500 | ||
|---|---|---|---|
| 001 | 128383 | ||
| 003 | ES-MaACL | ||
| 005 | 20231214195151.0 | ||
| 007 | t| | ||
| 008 | 070509s1952 sp ||||1| spa d | ||
| 080 | _a92(Gasparri, Pedro) | ||
| 100 | 1 |
_aTaliani, Francisco María. _9109125 |
|
| 245 | 1 | 0 |
_aVida del Cardenal Gasparri-- / _cFrancisco María Taliani ; traducción revisada por Monseñor P. Galindo. |
| 260 |
_aMadrid : _bEditora Nacional, _c1952. |
||
| 300 |
_a143 p. : _b1 lám. ; _c22 cm. |
||
| 700 | 1 |
_aGalindo Romeo, Pascual, _d1892-1990 _953446 |
|
| 852 |
_aES-MaACL _jD-8640 _bR.33323 |
||
| 999 |
_c128383 _d128383 |
||